000 01004nam a2200241Ia 4500
003 OSt
005 20210525174007.0
008 210310s1979 ck gr 001 0dspa d
020 _a8482720880
040 _aCO-JMCR
_cCO-JMCR
041 0 _aspa
082 0 4 _a333.01 /
_bP944p
_223
100 1 _aPérez Salazar, Honorio,
_915825
_eautor
245 1 0 _aProceso dialéctico de la tenencia de la tierra /
_cHonorio Pérez Salazar
260 _aBogotá :
_bTemis,
_c1979
300 _axiv, 248 páginas ;
_c24 cm.
500 _aIncluye notas a pie de página e índices alfabético y de materias.
504 _aBibliografía: páginas [241]-243
505 0 _aProceso dialéctico de la tenencia de la tierra -- Tenencia de la tierra en la edad media -- Tenencia de la tierra en la edad moderna -- Historia de la tenencia de la tierra en Latinoamérica época precolombina
650 1 4 _aTenencia de la tierra
_915827
_xLegislación
650 2 4 _aAgricultura
_xAspectos económicos
_913952
942 _2ddc
_cBK
999 _c7921
_d7921